| 000 | 01493nam a2200349 i 4500 | ||
|---|---|---|---|
| 001 | 195480 | ||
| 003 | ES-MaACL | ||
| 005 | 20250819170109.0 | ||
| 008 | 240617b2014 sp ||||| |||| 00| 0 spa d | ||
| 020 | _a9786078062409 | ||
| 040 |
_bspa _cES-MaACL |
||
| 245 |
_aFeminismo y derecho : _bdiversas perspectivas del derecho, del género y la igualdad / _cAlejandro Rosillo Martínez, Urenda Queletzú Navarro Sánchez, Guillermo Luévano Bustamante (coordinadores) |
||
| 250 | _aPrimera edición: 2014 | ||
| 260 |
_aMéxico : _bUniversidad Autónoma de San Luis Potosí, _c2014. |
||
| 300 |
_a218 páginas ; _c21 cm |
||
| 336 |
_2rdacontent _atexto |
||
| 337 |
_2rdamedia _asin mediación |
||
| 338 |
_2rdacarrier _avolumen |
||
| 650 | 7 |
_aFeminismo _2embne _912744 |
|
| 650 | 7 |
_aDerecho _2embne _911602 |
|
| 700 |
_aRosillo Martínez, Alejandro _eedt _9238796 |
||
| 700 |
_aNavarro Sánchez, Urenda Queletzú _eedt _9238797 |
||
| 700 |
_aLuévano Bustamante, Guillermo _eedt _9238798 |
||
| 852 |
_aES-MaACL _cDEPOJ _jN-10006 _gDedicatoria autógrafa de María Teresa Ayllón Trujillo _hDonación: María Teresa Ayllón Trujillo _xEncuadernación rústica _9206152 |
||
| 903 |
_9176548 _aAyllón Trujillo, María Teresa _ednr |
||
| 942 |
_cMONOGRAFIA _n0 |
||
| 999 |
_c195480 _d195480 |
||